000 00363 a2200169 4500
001 69512
020 _a8598536067
040 _cAnchieta - Itaigara
100 _aBarros, Fabiana
240 1 0 _aOs permitinhos
_lpor
245 1 0 _aOs permitinhos
300 _a32
362 0 _a2005
440 1 _aMantecore
650 4 _aLiteratura infanto-juvenil
942 _cBK
999 _c69512
_d69512